000 00635nam a22002297a 4500
003 UA-OsUOA
001 92668
007 ta
008 20121221b un ||||| |||| 00| 0 ukr d
100 _aБрайнина Б.
090 _a821.161.2
_bБ87
942 _cBK
040 _aUA-OsUOA
_brus
_cUA-OsUOA
_dUA-OsUOA
245 _aНа старой планине
_bвстречи с Болгарией
300 _a478 с.
955 _a3
041 _arus
080 _a821.161.2
260 _aМ.
_bСов. писатель
_c1975
650 7 _a82 Література. Літературознавство
_2UDC
999 _c378998
_d378998